Statistics for Can you name all Why Don't We songs?

Click here to take the quiz!

General Stats

  • This quiz has been taken 40 times
  • The average score is 41 of 58

Answer Stats

HintAnswer% Correct
8 Letters8 Letters
96%
Something DifferentSomething Different
93%
TGTATBOFallin'
89%
TGTATBOGrey
85%
InvitationInvitation
85%
TGTATBOLotus Inn
85%
TGTATBOSlow Down
85%
Why Don't We JustWhy Don't We Just
85%
TGTATBOBe Myself
81%
Only the BeginningFree
81%
TGTATBOLook At Me
81%
8 LettersChoose
78%
12/12Come to Brazil
78%
8 LettersFriends
78%
8 LettersHooked
78%
8 LettersIn Too Deep
78%
TGTATBOLove Song
78%
TGTATBOStay
78%
8 LettersTalk
78%
12/12Unbelievable
78%
8 LettersCan't You See
74%
TGTATBOFor You
74%
8 LettersHard
74%
Only the BeginningPerfect
74%
SingleTrust Fund Baby
74%
12/12Don't Change
70%
12/12I Don't Belong in This Club
70%
TGTATBOI'll Be Okay
70%
Only the BeginningJust to See You Smile
70%
Why Don't We JustWe the Party
70%
12/12What am I
70%
Why Don't We JustAll My Love
67%
12/12Big Plans
67%
12/12Chills
67%
12/12Cold in LA
67%
12/12Mad at You
67%
Only the BeginningNobody Gotta Know
67%
Only the BeginningTaking You
67%
SingleThese Girls
67%
Something DifferentAir of the Night
63%
12/12I Still Do
63%
A Why Don't We ChristmasKiss You This Christmas
63%
Something DifferentMade For
63%
InvitationM.I.A
63%
Only the BeginningOn My Way
63%
Why Don't We JustRunner
63%
A Why Don't We ChristmasSilent Night
63%
12/12With You This Christmas
63%
InvitationWords I Didn't Say
63%
A Why Don't We ChristmasYou and Me at Christmas
63%
InvitationBoomerang
59%
A Why Don't We ChristmasHey Good Lookin
59%
Why Don't We JustI Depend on You
59%
Something DifferentTell Me
59%
SingleLove Back
56%
A Why Don't We ChristmasMerry Little Christmas
56%
Something DifferentNever Know
56%
InvitationTurn It Off
52%

Score Distribution

Percentile by Number Answered

Percent of People with Each Score

Your Score History

You have not taken this quiz